Quiz Culture G. (15) - Statistiques

Statistiques générales
  • Ce quiz a été pris 103 fois
  • Le résultat moyen est 8 sur 20
Statistiques - réponses
Réponse % Correct
Dans les BD d'Asterix qui est le druide du village ? Panoramix
86%
Comment s'appelle le menu enfant vendu par Mc Donalds ? Happy Meal
78%
Quel acteur est à l'affiche de "The Mask" ou "Bruce tout-puissant" ? Jim Carrey
62%
Quel pays abrite la Baie d'Halong ? Vietnam
55%
Comment appelle-t-on un logement réparti entre plusieurs propriétaires ? Copropriété
54%
Dans quelle ville peut-on voir un superbe Parlement au bord du Danube ? Budapest
51%
Quel état a pour surnom le pays du matin calme ? Corée du Sud
47%
Depuis 2024 combien de clubs participent à la phase principale de la Ligue des Champions de Football ? 36
46%
Par quel ensemble de 2 lettres désigne t-on un enregistrement musical plus long qu'un single mais moins long qu'un album ? EP
44%
De quel peintre Amanda Lear a-t-elle été la muse ? Dali
42%
Originaire d'Islande quelle spécialité laitière est de la même famille que le yaourt ? Skyr
41%
Quel paquebot a fait naufrage en Janvier 2012 dans la Méditerranée ? Costa Concordia
35%
Dans la mythologie grecque quel est le dieu du sommeil ? Hypnos
25%
Quel sport associe le saut à skis et le ski de fond ? Combiné nordique
20%
Sur TF1 quelle série raconte l'histoire des élèves de l'institut Auguste Armand ? Ici tout commence
20%
Quelle émission animée par Karine Lemarchand a vu se succéder entre autres Alessandra Sublet, Alex Goude ou David Ginola à sa présentation ? Incroyable Talent
19%
Comment dit on orchestre vide en japonais ? Karaoké
16%
Dans quelle comédie musicale entend on les titres "Mon frère" ou "La peine maximum" ? Les dix commandements
14%
Sur Netflix, quelle série de Charlie Brooker comporte en 2024, 6 saisons et des épisodes cultes comme "Chute libre", "San junipero" ou "Archange" ? Black Mirror
11%
En 2012, qui a été surnommé le dépeceur de Montreal ? Luka Rocco Magnotta
1%
Aucun quiz correspondant
Distribution des résultats
% des personnes avec chaque résultat
Percentile par nombre de réponses
Votre historique - résultats
Vous n’avez pas pris ce quiz